The Open Championship Golf Venues - Statistics

General Stats
  • This quiz has been taken 159 times
  • The average score is 7 of 14
Answer Stats
Answers % Correct
3 St Andrews
99%
4 Royal Liverpool
72%
9 Royal Troon
72%
11 Carnoustie
64%
2 Turnberry
64%
1 Royal St Georges
62%
10 Royal Portrush
60%
6 Royal Birkdale
58%
5 Royal Lytham & St Annes
55%
13 Muirfield
54%
12 Prestwick
44%
14 Musselburgh
15%
7 Princes
11%
8 Royal Cinque Ports
10%
No matching quizzes found
Score Distribution
Percent of People with Each Score
Percentile by Number Answered
Your Score History
You have not taken this quiz